Banner

Análisis financiero y de gestión / (Record no. 1247)

MARC details
000 -LEADER
campo de control de longitud fija 01001nam a22003017a 4500
001 - NÚMERO DE CONTROL
campo de control 001505
003 - IDENTIFICADOR DE NÚMERO DE CONTROL
campo de control CoMeUDC001505
005 - FECHA Y HORA DE LA ÚLTIMA TRANSACCIÓN
campo de control 20210706180331.0
008 - DATOS DE LONGITUD FIJA--INFORMACIÓN GENERAL
campo de control de longitud fija 130821s2006 ck gr spa
020 ## - NÚMERO INTERNACIONAL ESTÁNDAR DEL LIBRO
Número Internacional Estándar del Libro 9586484424
040 ## - FUENTE DE CATALOGACIÓN
Centro catalogador/agencia de origen Co-BoUCM
Lengua de catalogación spa
Centro/agencia transcriptor CoMeUDC
041 00 - CÓDIGO DE IDIOMA
Código de lengua del texto/banda sonora o título independiente spa
082 04 - NÚMERO DE LA CLASIFICACIÓN DECIMAL DEWEY
Número de clasificación 658.15 E82
100 1# - ENTRADA PRINCIPAL--NOMBRE DE PERSONA
Nombre de persona Estupiñán Gaitán, Rodrigo
245 10 - MENCIÓN DEL TÍTULO
Título Análisis financiero y de gestión /
Mención de responsabilidad, etc. Rodrigo Estupiñán Gaitán, Orlando Estupiñán Gaitán
250 ## - MENCION DE EDICION
Mención de edición 2a. ed.
260 ## - PUBLICACIÓN, DISTRIBUCIÓN, ETC.
Lugar de publicación, distribución, etc. Bogotá :
Nombre del editor, distribuidor, etc. Ecoe Ediciones ,
Fecha de publicación, distribución, etc. 2006.
300 ## - DESCRIPCIÓN FÍSICA
Extensión 406 p.
Dimensiones 23 cm
490 ## - MENCIÓN DE SERIE
Mención de serie Textos Universitarios.
-- Contabilidad y Finanzas
650 04 - PUNTO DE ACCESO ADICIONAL DE MATERIA--TÉRMINO DE MATERIA
Término de materia o nombre geográfico como elemento de entrada Administración de empresas
9 (RLIN) 435
650 04 - PUNTO DE ACCESO ADICIONAL DE MATERIA--TÉRMINO DE MATERIA
Término de materia o nombre geográfico como elemento de entrada Administración financiera
9 (RLIN) 8594
650 04 - PUNTO DE ACCESO ADICIONAL DE MATERIA--TÉRMINO DE MATERIA
Término de materia o nombre geográfico como elemento de entrada Análisis económico
9 (RLIN) 92
650 04 - PUNTO DE ACCESO ADICIONAL DE MATERIA--TÉRMINO DE MATERIA
Término de materia o nombre geográfico como elemento de entrada Análisis financiero
9 (RLIN) 9000
650 04 - PUNTO DE ACCESO ADICIONAL DE MATERIA--TÉRMINO DE MATERIA
Término de materia o nombre geográfico como elemento de entrada Gestión de negocios
9 (RLIN) 16414
650 04 - PUNTO DE ACCESO ADICIONAL DE MATERIA--TÉRMINO DE MATERIA
Término de materia o nombre geográfico como elemento de entrada Gestión financiera
9 (RLIN) 16421
700 1# - ENTRADA AGREGADA--NOMBRE PERSONAL
Nombre de persona Estupiñán Gaitán, Orlando
942 ## - ELEMENTOS DE ENTRADA SECUNDARIOS (KOHA)
Tipo de ítem Koha Libros
Código de la institución [OBSOLETO] 16
Edición 2
Sufijo de la signatura E829a
Fuente del sistema de clasificación o colocación Clasificación Decimal Dewey
Parte de la signatura que corresponde a la clasificación (Parte de la clasificación) 658.15
Holdings
Estatus retirado Estado de pérdida Fuente del sistema de clasificación o colocación Estado de daño No para préstamo Colección Biblioteca de origen Biblioteca actual Fecha de adquisición Signatura topográfica completa Código de barras Visto por última vez Copia número Precio de reemplazo Tipo de ítem Koha Fuente de adquisición Total de préstamos
    Clasificación Decimal Dewey     Colección general U DE COLOMBIA - Biblioteca U DE COLOMBIA - Biblioteca 18/06/2020 658.15 E82 001505 18/06/2020 1 18/06/2020 Libros    
    Clasificación Decimal Dewey     Colección general U DE COLOMBIA - Biblioteca U DE COLOMBIA - Biblioteca 16/04/2025 658.15 E82 Ej. 2 001215 16/04/2025 2 16/04/2025 Libros Donación 2025  


Biblioteca Académica Corporación Universitaria U DE COLOMBIA | Teléfono: +(57) (4) 2398080 ext. 1112 | E-mail: biblioteca@udecolombia.edu.co | Dirección: Calle 56 Nº 41 – 147 (Bolivia con Girardot)
Horario de atención: lunes a viernes 8:00 a.m. a 8:00 p.m. - sábados 8:00 a.m. a 4:00 p.m.
Implementado por Grupo EGS.

Powered by Koha